Unix For Dummies (Record no. 299500)
[ view plain ]
| 000 -LEADER | |
|---|---|
| fixed length control field | 00258 a2200121 4500 |
| 001 - CONTROL NUMBER | |
| control field | 64427 |
| 082 ## - DEWEY DECIMAL CLASSIFICATION NUMBER | |
| Classification number | 005.432 LEV |
| 090 ## - LOCALLY ASSIGNED LC-TYPE CALL NUMBER (OCLC); LOCAL CALL NUMBER (RLIN) | |
| -- | 38056 |
| -- | 38056 |
| 100 ## - MAIN ENTRY--PERSONAL NAME | |
| Personal name | Levine, J R |
| 245 ## - TITLE STATEMENT | |
| Title | Unix For Dummies |
| 260 ## - PUBLICATION, DISTRIBUTION, ETC. | |
| Place of publication, distribution, etc. | California |
| Name of publisher, distributor, etc. | IDG Book |
| 300 ## - PHYSICAL DESCRIPTION | |
| Extent | 369p |
| 942 ## - ADDED ENTRY ELEMENTS (KOHA) | |
| Institution code [OBSOLETE] | NUST-CAE |
| Call number prefix | 005.432 LEV |
| Withdrawn status | Lost status | Damaged status | Not for loan | Collection code | Permanent Location | Current Location | Date acquired | Total Checkouts | Full call number | Barcode | Date last seen | Price effective from | Koha item type |
|---|---|---|---|---|---|---|---|---|---|---|---|---|---|
| College of Aeronautical Engineering (CAE) | College of Aeronautical Engineering (CAE) | 04/03/2017 | 005.432 LEV | CAEG-5218 | 04/05/2017 | 04/05/2017 | Book |
